000 00290nam a22001337a 4500
008 180109b xxu||||| |||| 00| 0 eng d
020 _a9780679004721
041 _aeng
080 _a91 IVO
100 _a42
101 _aGJEO
245 _aEXPLORING AUSTRALIA
_cIVORY,M
942 _2udc
_cBK
999 _c39907
_d39907